| 000 | 00520nam a22001817a 4500 | ||
|---|---|---|---|
| 999 |
_c188622 _d188622 |
||
| 005 | 20220530112352.0 | ||
| 010 | _aENG-132872 | ||
| 020 |
_a9789355993236 _c450.00 |
||
| 035 | _aEN-116404 | ||
| 037 | _bDBAD/PUB | ||
| 082 |
_aN _b` |
||
| 100 | _aSharma, Vikas | ||
| 245 |
_aHope Against Hope/ _cVikas Sharma |
||
| 260 |
_aNew Delhi _bDiamond Pocket Books Pvt. Ltd _c2022 |
||
| 270 |
_aX-30, Okhla Industrial Area, Phase-II _bNew Delhi _e110020 _msales@dpb.in |
||
| 300 |
_a187p. _c22cm(hbk) |
||
| 942 |
_2ddc _cEN _hN _mSHA |
||